000
00206nam a2200085Ia 4500
008
180219s9999 xx 000 0 und d
100
_a
Goyal Hemant Kumar
245
0
_a
Computer Vegian Shikshan
260
_a
R Lall Meerut
260
_c
2013
999
_c
42250
_d
42250